00299 a2200109 4500001000700000020000600007040001100013100002500024240006800049245006300117362000900180165059 a  cMagnum aSalgueiro, Ana Maria10aSaber docente y practica cotidiana: un estudio etnograficolpor10aSaber docente y practica cotidiana: un estudio etnografico0 a1899